000 00308nam a22001337a 4500
008 181031b xxu||||| |||| 00| 0 eng d
020 _a0721656471
041 _aeng
080 _24th
_a616.12
100 _a7
101 _aKAR
245 _aElectrocardiography in Clinical Practice
_cChou
942 _2udc
_cBK
999 _c51301
_d51301